书目信息 |
| 题名: |
计算机系统安全
|
|
| 作者: | 马建峰 , 郭渊博 编著 | |
| 分册: | ||
| 出版信息: | 西安 西安电子科技大学出版社 2007.08 |
|
| 页数: | 355页 | |
| 开本: | 26cm | |
| 丛书名: | ||
| 单 册: | ||
| 中图分类: | TP309 | |
| 科图分类: | ||
| 主题词: | 电子计算机--dian zi ji suan ji--安全技术--高等学校--教材 | |
| 电子资源: | ||
| ISBN: | 978-7-5606-1867-8 | |
| 000 | 01040nam0 2200277 450 | |
| 001 | 012008567479 | |
| 005 | 20080602101042.01 | |
| 010 | @a978-7-5606-1867-8@dCNY30.00 | |
| 100 | @a20080602d2007 em y0chiy0120 ea | |
| 101 | 0 | @achi |
| 102 | @aCN@b610000 | |
| 105 | @aak a 000yy | |
| 106 | @ar | |
| 200 | 1 | @a计算机系统安全@Aji suan ji xi tong an quan@f马建峰, 郭渊博编著@Fma jian feng,guo yuan bo bian zhu |
| 205 | @a第2版 | |
| 210 | @a西安@c西安电子科技大学出版社@d2007.08 | |
| 215 | @a355页@c图@d26cm | |
| 300 | @a普通高等教育“十一五”国家级规划教材 | |
| 320 | @a有书目 (第354-355页) | |
| 330 | @a本书详细论述了计算机系统的安全需求、安全对策、安全模型以及安全系统构建理论,系统介绍了安全策略与安全模型在可信操作系统设计、通用操作系统保护、数据库安全设计等方面的相关实践问题。 | |
| 606 | 0 | @a电子计算机@Adian zi ji suan ji@x安全技术@x高等学校@j教材 |
| 690 | @aTP309@v4 | |
| 701 | 0 | @a马建峰@Ama jian feng@4编著 |
| 701 | 0 | @a郭渊博@Aguo yuan bo@4编著 |
| 801 | 0 | @aCN@bQSSK@c20080602 |
| 905 | @b722627-28@dTP309@eM072@f2 | |
| 计算机系统安全/马建峰, 郭渊博编著.-第2版.-西安:西安电子科技大学出版社,2007.08 |
| 355页:图;26cm |
| 普通高等教育“十一五”国家级规划教材 |
| ISBN 978-7-5606-1867-8:CNY30.00 |
| 本书详细论述了计算机系统的安全需求、安全对策、安全模型以及安全系统构建理论,系统介绍了安全策略与安全模型在可信操作系统设计、通用操作系统保护、数据库安全设计等方面的相关实践问题。 |
| ● |
| 相关链接 |
|
|
|
正题名:计算机系统安全
索取号:TP309/M072
 
预约/预借
| 序号 | 登录号 | 条形码 | 馆藏地/架位号 | 状态 | 备注 |
| 1 | 722627 | 207226278 | 自科库301/301自科库 46排4列1层/ [索取号:TP309/M072] | 在馆 | |
| 2 | 722628 | 207226287 | 自科库301/301自科库 46排4列1层/ [索取号:TP309/M072] | 在馆 |